Revolutions and revolutionaries /

Bibliographic Details
Main Author: Taylor, A. J. P. (Alan John Percivale), 1906-1990
Format: Book
Language:English
Published: New York : Atheneum, 1980.
Edition:1st American ed.
Subjects:

MARC

Tag First Indicator Second Indicator Subfields
LEADER 00000cam a2200000 a 4500
001 in00000630708
005 20151015053638.0
008 800827r1980 nyua 00110 engmd
020 |a 0689110693 :  |c $12.95. 
035 |a (OCoLC)06661034 
035 |9 ACU5955AM 
040 |a AKD  |c AKD  |d m.c.  |d TXA  |d UtOrBLW 
043 |a e------ 
049 |a TXAM  |c [984816] 
090 |a D299  |b .T374 1980a 
092 |a 940.28  |b T 
100 1 |a Taylor, A. J. P.  |q (Alan John Percivale),  |d 1906-1990. 
245 1 0 |a Revolutions and revolutionaries /  |c A.J.P. Taylor. 
250 |a 1st American ed. 
264 1 |a New York :  |b Atheneum,  |c 1980. 
300 |a 165 pages :  |b illustrations ;  |c 24 cm. 
336 |a text  |b txt  |2 rdacontent 
337 |a unmediated  |b n  |2 rdamedia 
338 |a volume  |b nc  |2 rdacarrier 
500 |a "The six essays were originally given as television lectures in 1978." 
500 |a Includes index. 
650 0 |a Revolutions  |z Europe  |x History. 
650 0 |a Revolutionaries  |z Europe. 
651 0 |a Europe  |x History  |y 1789-1900. 
651 0 |a Europe  |x History  |y 1871-1918. 
999 |a MARS 
999 f f |s b60c6ce4-0100-3b09-8194-1e8b6ae6c887  |i 52890755-e710-3219-aa42-438fb14e7705  |t 0 
952 f f |p ric  |a Texas A&M University  |b Rellis Campus  |c Joint Library Facility  |d Remote Storage  |t 0  |e D299 .T374 1980a  |h Library of Congress classification  |i unmediated -- volume  |m A14801877106 
998 f f |a D299 .T374 1980a  |t 0  |l Remote Storage